Macro/micro (Record no. 1886)

000 -LEADER
fixed length control field 00563nam a22002177a 4500
003 - CONTROL NUMBER IDENTIFIER
control field OSt
005 - DATE AND TIME OF LATEST TRANSACTION
control field 20210701102903.0
008 - FIXED-LENGTH DATA ELEMENTS--GENERAL INFORMATION
fixed length control field 210701b ||||| |||| 00| 0 eng d
020 ## - INTERNATIONAL STANDARD BOOK NUMBER
International Standard Book Number 0130653926
040 ## - CATALOGING SOURCE
Transcribing agency Alupe University
050 ## - LIBRARY OF CONGRESS CALL NUMBER
Classification number HM51
Item number .T47 1995
100 ## - MAIN ENTRY--PERSONAL NAME
Personal name Lorne Tepperman
245 ## - TITLE STATEMENT
Title Macro/micro
Remainder of title abrief introduction to sociology
250 ## - EDITION STATEMENT
Edition statement second edition
260 ## - PUBLICATION, DISTRIBUTION, ETC.
Place of publication, distribution, etc. USA
Name of publisher, distributor, etc. Prentice-Hall
Date of publication, distribution, etc. c1995
300 ## - PHYSICAL DESCRIPTION
Extent 452
500 ## - GENERAL NOTE
General note index
650 ## - SUBJECT ADDED ENTRY--TOPICAL TERM
Topical term or geographic name entry element Abrief introduction to sociology
700 ## - ADDED ENTRY--PERSONAL NAME
Personal name Michael Rosenberg
942 ## - ADDED ENTRY ELEMENTS (KOHA)
Source of classification or shelving scheme
Koha item type Book
Suppress in OPAC DO
Holdings
Withdrawn status Lost status Source of classification or shelving scheme Damaged status Not for loan Permanent Location Current Location Shelving location Date acquired Total Checkouts Full call number Barcode Date last seen Price effective from Koha item type Public note
          AU LIBRARY AU LIBRARY Open Shelf 01.07.2021   HM51 .T47 1995 28000258 01.07.2021 01.07.2021 Book DO

Powered by Koha